Reading and Writing short essays
Sparad:
| Huvudupphovsman: | |
|---|---|
| Materialtyp: | Bok |
| Språk: | English |
| Publicerad: |
N.Y.
McGraw-Hill
1987
|
| Upplaga: | 3rd edtion |
| Ämnen: | |
| Taggar: |
Lägg till en tagg
Inga taggar, Lägg till första taggen!
|
| Thư viện lưu trữ: | Mạng thư viện Đại học Đà Nẵng |
|---|
| LEADER | 00954nam a2200301 4500 | ||
|---|---|---|---|
| 001 | 000016267 | ||
| 003 | 12665 | ||
| 005 | 20120727140730.0 | ||
| 008 | 120727s1987 engsd | ||
| 041 | 0 | |a eng | |
| 082 | |a 808.042 |b MI-M | ||
| 100 | 0 | |a Miller, Morton A. | |
| 245 | 0 | |a Reading and Writing short essays |c Morton A. Miller | |
| 250 | |a 3rd edtion | ||
| 260 | |a N.Y. |b McGraw-Hill |c 1987 | ||
| 300 | |a 399 p. |c 21 cm | ||
| 653 | |a hùng biện | ||
| 653 | |a Nghệ thuật diễn thuyết | ||
| OWN | |a LSP | ||
| AVA | |a UDN50 |b LSP |d 808.042 MI-M |e available |t Error 5001 Not defined in file expand_doc_bib_avail. |f 5 |g 0 |h N |i 0 |k 1 | ||
| 999 | |a From the UDN01 | ||
| AVA | |a UDN50 |b LSP |d 808.042 MI-M |e available |t Error 5001 Not defined in file expand_doc_bib_avail. |f 5 |g 0 |h N |i 0 |k 1 | ||
| TYP | |a Monograph | ||
| TYP | |a Printed language | ||
| 980 | |a Mạng thư viện Đại học Đà Nẵng | ||